Metafora v politickom diskurze

Definícia pojmov metafora a politický diskurz. Demonštrácia používania metafor v politickom diskurze a analýza ich významu na ukážkach z rôznych prejavov po anglicky a po slovensky hovoriacich politikov.

Gespeichert in:
Bibliographische Detailangaben
1. Verfasser: Stradiotová, Eva, 1963-
Format: Buchkapitel
Sprache:Slowakisch
Schlagworte:
Tags: Tag hinzufügen
Keine Tags, Fügen Sie das erste Tag hinzu!

MARC

LEADER 00000nla a2200000 4500
001 0239574
005 20240502073902.2
041 0 |a slo 
044 |a SK 
245 1 0 |a Metafora v politickom diskurze  |c Eva Stradiotová 
520 |a Definícia pojmov metafora a politický diskurz. Demonštrácia používania metafor v politickom diskurze a analýza ich významu na ukážkach z rôznych prejavov po anglicky a po slovensky hovoriacich politikov. 
610 2 0 |a spoločnosť 
610 2 0 |a jazykoveda 
610 2 0 |a politika 
610 2 0 |a jazyk materinský 
610 2 0 |a novinárstvo 
610 2 0 |a komunikácia 
610 2 0 |a angličtina 
610 2 0 |a pojmy 
100 1 |a Stradiotová, Eva, 1963-